Ocenenie majetku a záväzkov spoločností zrušujúcich sa bez likvidácie

Zreálnenie ocenenia majetku a záväzkov spoločnosti. Pojem reálna hodnota. Trhová cena. Kvalifikovaný odhad. Ocenenie majetku a záväzkov a vysporiadanie zmeny hodnoty. Precenenie majetku a záväzkov pri zlúčení, splynutí a rozdelení. Zostatok oceňovacích rozdielov.

Salvato in:
Dettagli Bibliografici
Autore principale: Fabian, Peter
Altri autori: Fabian, Štefan
Natura: Capitolo di libro
Lingua:slovacco
Soggetti:
Tags: Aggiungi Tag
Nessun Tag, puoi essere il primo ad aggiungerne!!

MARC

LEADER 00000naa a2200000 4500
001 0127326
005 20240502072442.4
041 0 |a slo 
044 |a SK 
245 1 0 |a Ocenenie majetku a záväzkov spoločností zrušujúcich sa bez likvidácie  |c Peter Fabian, Štefan Fabian 
520 |a Zreálnenie ocenenia majetku a záväzkov spoločnosti. Pojem reálna hodnota. Trhová cena. Kvalifikovaný odhad. Ocenenie majetku a záväzkov a vysporiadanie zmeny hodnoty. Precenenie majetku a záväzkov pri zlúčení, splynutí a rozdelení. Zostatok oceňovacích rozdielov. 
610 2 0 |a závierka účtovná 
610 2 0 |a účtovníctvo 
610 2 0 |a majetok 
610 2 0 |a záväzky 
610 2 0 |a hodnota reálna 
610 2 0 |a hodnota trhová 
610 2 0 |a podnik 
610 2 0 |a zlučovanie podnikov 
610 2 0 |a oceňovanie 
100 1 |a Fabian, Peter 
700 1 |a Fabian, Štefan